000 00401nam a2200181Ia 4500
001 861
005 20260306140549.0
008 260306t2005||||xx |||||||||||||| ||spa||
041 _aESP
082 _a170.2
_bC73
100 _aCohen, Martin
_eAUT
245 0 _a101 dilemas éticos
260 _c2005
300 _a580 páginas :
_ccm.
650 _aGEN
654 _aCHU
942 _cLIB
_dJUS
_fJUS
_2ddc
_n
999 _c861
_d861